| 000 | 00717nac a22002051u 4500 | ||
|---|---|---|---|
| 020 | _a013122932X (pbk) | ||
| 082 |
_a658.4033 _bT2381 |
||
| 090 |
_c1076 _d1076 |
||
| 100 | _aTaylor, Bernard W. | ||
| 245 |
_aIntroduction to management science / _cBernard W. Taylor. |
||
| 250 | _a8th ed. | ||
| 260 |
_aEnglewood Cliffs, N.J. : _bPearson/Prentice Hall, _c2004. |
||
| 300 |
_axviii, 761 p. : _bill. ; _c26 cm. |
||
| 500 | _aPrevious ed.: 2002. | ||
| 500 | _aIncludes index. | ||
| 500 | _aFormerly CIP. | ||
| 650 | _aManagement science. | ||
| 942 |
_cBB _k658.4033T2381 |
||
| 999 |
_c1076 _d1076 |
||